Normal view
MARC view
- BARTLETT, LUIS H WOOLRICH, W. R
Entry Personal Name
001 - CONTROL NUMBER
- control field: 60615
003 - CONTROL NUMBER IDENTIFIER
- control field: NUST
005 - DATE AND TIME OF LATEST TRANSACTION
- control field: 20210628202602.0
008 - FIXED-LENGTH DATA ELEMENTS
- fixed length control field: 210628|| aca||aabn | a|a d
040 ## - CATALOGING SOURCE
- Original cataloging agency: NUST
- Transcribing agency: NUST
100 ## - HEADING--PERSONAL NAME
- Personal name: BARTLETT, LUIS H WOOLRICH, W. R
670 ## - SOURCE DATA FOUND
- Source citation: Work cat.: (NUST): BARTLETT, LUIS H WOOLRICH, W. R, HANDBOOK OF REFRIGERATION ENGINEERING, 1948
